000 00628nam a2200217Ii 4500
003 JO-AjNU
008 230606s9999||||xx |||||||||||||| ||und||
020 _a81-224-1881-3
040 _aJO-AjNU
_beng
_erda
_cJO-AjNU
041 _aeng
050 1 4 _aHG173.R675 2006
100 3 _aRoss,Stephen A,
_eauthor
_91391
245 0 0 _aNeoclassical Finance
250 _a1 ed
264 3 1 _aNew Delhe : New Age International,2006
300 _a102p
_b Includes Bibliography indexes(p95-102)
336 _atext
_btxt
_2rdacontent
337 _aunmediated
_bn
_2rdamedia
338 _avolume
_bnc
_2rdacarrier
650 4 _aFinancial
_91392
999 _aE734
_c734
_d734